<?xml version="1.0" encoding="UTF-8"?>
<record
    xmlns:xsi="http://www.w3.org/2001/XMLSchema-instance"
    xsi:schemaLocation="http://www.loc.gov/MARC21/slim http://www.loc.gov/standards/marcxml/schema/MARC21slim.xsd"
    xmlns="http://www.loc.gov/MARC21/slim">

  <leader>00807nam a22002537a 4500</leader>
  <controlfield tag="001">4038</controlfield>
  <controlfield tag="003">FISKH </controlfield>
  <controlfield tag="005">20240603095805.0</controlfield>
  <controlfield tag="008">240603b        cb ||||| |||| 00| 0 eng d</controlfield>
  <datafield tag="020" ind1=" " ind2=" ">
    <subfield code="a">9780547258553 </subfield>
  </datafield>
  <datafield tag="040" ind1=" " ind2=" ">
    <subfield code="a">FISKH </subfield>
    <subfield code="b">eng </subfield>
    <subfield code="c">FISKH </subfield>
    <subfield code="d">FISKH </subfield>
  </datafield>
  <datafield tag="050" ind1=" " ind2=" ">
    <subfield code="a">PZ7.P44855 </subfield>
  </datafield>
  <datafield tag="082" ind1=" " ind2=" ">
    <subfield code="a">813.54 </subfield>
  </datafield>
  <datafield tag="100" ind1=" " ind2=" ">
    <subfield code="a">Pfeffer Beth Susan </subfield>
    <subfield code="d">1948- </subfield>
  </datafield>
  <datafield tag="245" ind1=" " ind2=" ">
    <subfield code="a">The dead and the gone / </subfield>
    <subfield code="c">Susan Beth Pfeffer </subfield>
  </datafield>
  <datafield tag="300" ind1=" " ind2=" ">
    <subfield code="a">321 pages : </subfield>
    <subfield code="c">18 cm </subfield>
  </datafield>
  <datafield tag="505" ind1=" " ind2=" ">
    <subfield code="a">M
</subfield>
  </datafield>
  <datafield tag="520" ind1=" " ind2=" ">
    <subfield code="a">After a meteor hits the moon and sets off a series of horrific climate changes, seventeen-year-old Alex Morales must take care of his sisters alone in the chaos of New York City.
</subfield>
  </datafield>
  <datafield tag="521" ind1="8" ind2=" ">
    <subfield code="a">680
</subfield>
    <subfield code="b">Lexile
</subfield>
  </datafield>
  <datafield tag="521" ind1="8" ind2=" ">
    <subfield code="a">M
</subfield>
    <subfield code="b">Raz-Plus
</subfield>
  </datafield>
  <datafield tag="700" ind1=" " ind2=" ">
    <subfield code="a">Susan Beth Pfeffer </subfield>
  </datafield>
  <datafield tag="942" ind1=" " ind2=" ">
    <subfield code="2">ddc</subfield>
    <subfield code="c">BK</subfield>
    <subfield code="n">0</subfield>
  </datafield>
  <datafield tag="999" ind1=" " ind2=" ">
    <subfield code="c">4038</subfield>
    <subfield code="d">4038</subfield>
  </datafield>
  <datafield tag="952" ind1=" " ind2=" ">
    <subfield code="0">0</subfield>
    <subfield code="1">0</subfield>
    <subfield code="2">ddc</subfield>
    <subfield code="4">0</subfield>
    <subfield code="7">0</subfield>
    <subfield code="8">FIC</subfield>
    <subfield code="a">001</subfield>
    <subfield code="b">001</subfield>
    <subfield code="c">TTP</subfield>
    <subfield code="d">2024-06-03</subfield>
    <subfield code="l">0</subfield>
    <subfield code="o">PFE PZ7.P44855 813.54 </subfield>
    <subfield code="p">2024-0775</subfield>
    <subfield code="r">2024-06-03 09:59:27</subfield>
    <subfield code="t">1</subfield>
    <subfield code="w">2024-06-03</subfield>
    <subfield code="y">BK</subfield>
  </datafield>
</record>
